书目信息 |
| 题名: |
刑法争议问题探索
|
|
| 作者: | 郑泽善 著 | |
| 分册: | ||
| 出版信息: | 北京 人民出版社 2009 |
|
| 页数: | 505页 | |
| 开本: | 21cm | |
| 丛书名: | 南开大学法学院学术文存 | |
| 单 册: | ||
| 中图分类: | D914.04 | |
| 科图分类: | ||
| 主题词: | 刑法--研究 , 刑法 | |
| 电子资源: | ||
| ISBN: | 978-7-01-008358-2 | |
| 000 | 01067oam2 2200277 450 | |
| 001 | 100428665941 | |
| 005 | 20110224090406.35 | |
| 010 | @a978-7-01-008358-2@dCNY30.00 | |
| 035 | @a004351501 | |
| 100 | @a20091214d2009 em y0chiy0110 ea | |
| 101 | 0 | @achi |
| 102 | @aCN@b110000 | |
| 105 | @ay z 000yy | |
| 106 | @ar | |
| 200 | 1 | @a刑法争议问题探索@9xing fa zheng yi wen ti tan suo@f郑泽善著 |
| 210 | @a北京@c人民出版社@d2009 | |
| 215 | @a505页@d21cm | |
| 225 | 2 | @a南开大学法学院学术文存 |
| 330 | @a本书共分为两大部分。第一部分选了刑法总论方面的四个专题;第二部分则选了刑法分论方面的十五个专题。全书主要包括了人权与刑法、抽象危险犯的处罚根据、行政刑法的伦理性、人的始期和终期、相约自杀及教唆、帮助自杀罪、遗弃罪的本质、非法拘禁罪、非法侵入住宅罪、名誉权的刑法保护及宪法限制、财物的概念、盗窃罪的保护法益等十九章。 | |
| 461 | 0 | @12001 @a南开大学法学院学术文存 |
| 606 | 0 | @a刑法@x研究 |
| 606 | 0 | @a刑法 |
| 690 | @aD914.04@v4 | |
| 701 | 0 | @a郑泽善@9zheng ze shan@4著 |
| 801 | 0 | @aCN@bNLC@c20110224 |
| 905 | @b205996252-289@h599625-28@dD914.04@e445@f4 | |
| 刑法争议问题探索/郑泽善著.-北京:人民出版社,2009 |
| 505页;21cm.-(南开大学法学院学术文存) |
| ISBN 978-7-01-008358-2:CNY30.00 |
| 本书共分为两大部分。第一部分选了刑法总论方面的四个专题;第二部分则选了刑法分论方面的十五个专题。全书主要包括了人权与刑法、抽象危险犯的处罚根据、行政刑法的伦理性、人的始期和终期、相约自杀及教唆、帮助自杀罪、遗弃罪的本质、非法拘禁罪、非法侵入住宅罪、名誉权的刑法保护及宪法限制、财物的概念、盗窃罪的保护法益等十九章。 |
| ● |
| 相关链接 |
|
|
|
|
正题名:刑法争议问题探索
索取号:D914.04/445
 
预约/预借
| 序号 | 登录号 | 条形码 | 馆藏地/架位号 | 状态 | 备注 |
| 1 | 599625 | 205996252 | 第一样本阅览室/ [索取号:D914.04/445] | 在馆 | |
| 2 | 599626 | 205996261 | 密集书库-史法系/ [索取号:D914.04/445] | 在馆 | |
| 3 | 599627 | 205996270 | 第一借阅区/ [索取号:D914.04/445] | 在馆 | |
| 4 | 599628 | 205996289 | 第一借阅区/ [索取号:D914.04/445] | 在馆 |